Statistiques concernant Les plus grandes métropoles de France

Cliquez ici pour prendre le quiz!

Statistiques générales

  • Ce quiz a été pris 708 fois
  • Le résultat moyen est 16 sur 20

Statistiques - réponses

PlaceHabitantsNom% Correct
1.7 057 905Métropole du Grand Paris
100%
2.1 873 707Métropole d'Aix-Marseille-Provence
99%
3.1 385 927Métropole de Lyon
98%
4.1 174 273Métropole européenne de Lille
97%
5.791 958Bordeaux Métropole
96%
9.491 409Eurométropole de Strasbourg
96%
6.762 956Toulouse Métropole
95%
8.537 999Métropole Nice Côte d'Azur
94%
7.646 522Nantes Métropole
93%
12.451 762Rennes Métropole
91%
11.465 070Montpellier Méditerranée Métropole
78%
13.443 123Grenoble-Alpes Métropole
73%
20.251 897Dijon Métropole
69%
19.256 610Métropole du Grand Nancy
67%
14.433 221Métropole Toulon-Provence-Méditerranée
67%
10.490 001Métropole Rouen Normandie
66%
17.289 817Clermont Auvergne Métropole
65%
18.286 257Orléans Métropole
59%
16.293 123Tours Métropole Val de Loire
58%
15.404 323Saint-Étienne Métropole
57%

Distribution des résultats

Percentile par nombre de réponses

% des personnes avec chaque résultat

Votre développement - résultats

Vous n’avez pas pris ce quiz